Central Library OPAC University of Rajshahi

Geology and evolution of the Indian plate : (Record no. 67712)

MARC details
000 -LEADER
fixed length control field 00806nam a2200241 a 4500
001 - CONTROL NUMBER
control field 67712
003 - CONTROL NUMBER IDENTIFIER
rucl marc code BD-RjUL
005 - DATE AND TIME OF LATEST TRANSACTION
control field 20211209081703.0
008 - FIXED-LENGTH DATA ELEMENTS--GENERAL INFORMATION
fixed length control field 051213s2005 ii abf b 001 0 eng
020 ## - INTERNATIONAL STANDARD BOOK NUMBER
International Standard Book Number 8185589399
035 ## - SYSTEM CONTROL NUMBER
System control number (BD-RjUL)67921
040 ## - CATALOGING SOURCE
Original cataloging agency DLC
Transcribing agency DLC
Language of cataloging eng
Modifying agency BD-RjUL
041 ## - LANGUAGE CODE
Language code of text/sound track or separate title eng
082 ## - DEWEY DECIMAL CLASSIFICATION NUMBER
Edition number 23
Classification number 551.0954
Author mark and year NAG 2005
100 1# - MAIN ENTRY--PERSONAL NAME
Personal name Naqvi, S. Mahmood.
9 (RLIN) 200748
245 10 - TITLE STATEMENT
Title Geology and evolution of the Indian plate :
Remainder of title from Hadean to Holocene, 4 Ga to 4 Ka /
Statement of responsibility, etc. S.M. Naqvi.
260 ## - PUBLICATION, DISTRIBUTION, ETC. (IMPRINT)
Place of publication, distribution, etc. New Delhi :
Name of publisher, distributor, etc. Capital Pub. Co.,
Date of publication, distribution, etc. c2005.
300 ## - PHYSICAL DESCRIPTION
Pagination xvi, 450 p. :
Illustrations ill. ;
Size 29 cm.
504 ## - BIBLIOGRAPHY, ETC. NOTE
Bibliography, etc Includes bibliographical references (p. [394]-447) and index.
520 ## - SUMMARY, ETC.
Summary, etc. With reference to South Asia and Indian Ocean.
650 #0 - SUBJECT ADDED ENTRY--TOPICAL TERM
Topical term or geographic name as entry element Geology, Structural
Geographic subdivision India
9 (RLIN) 202249
942 ## - ADDED ENTRY ELEMENTS (KOHA)
Source of classification or shelving scheme Dewey Decimal Classification
Koha item type Books
Holdings
Lost status Source of classification or shelving scheme Damaged status Not for loan Collection code Permanent Location Current Location Shelving location Date acquired Source of acquisition Cost, normal purchase price Total Checkouts Full call number Date last seen Copy number Koha item type
  Dewey Decimal Classification   Not For Loan Non-fiction Central Library, University of Rajshahi Central Library, University of Rajshahi Reading Room 23/02/2008 Paragon Enterprise ltd., Dhaka 1250.00   551.0954 NAG 2005 28/03/2017 C-1 Books